[Event "European Rapid 2015"]
[Site "Minsk BLR"]
[Date "2015.12.20"]
[Round "9.20"]
[White "Bortnyk, Olexandr"]
[Black "Potapov, Pavel"]
[Result "0-1"]
[WhiteTitle "GM"]
[BlackTitle "IM"]
[WhiteElo "2552"]
[BlackElo "2476"]
[WhiteFideId "14120828"]
[BlackFideId "4169786"]
[EventDate "2015.12.19"]

1. d4 d5 2. Nc3 g6 3. Bf4 Bg7 4. Qd2 c6 5. Nf3 Bf5 6. h4 Nf6 7. Ne5 Nbd7 8. f3
h5 9. O-O-O Nxe5 10. Bxe5 Bh6 11. e3 Qa5 12. Kb1 O-O-O 13. Bd3 Bxd3 14. Qxd3
Rhe8 15. Bxf6 exf6 16. e4 f5 17. Rhf1 fxe4 18. fxe4 dxe4 19. Nxe4 f5 20. Nc5 b6
21. Nb3 Qd5 22. Qa6+ Kb8 23. a4 Re4 24. Rf3 Qd7 25. a5 Qc8 26. Qc4 Qe6 27. Qa4
b5 28. Qb4 Bf8 29. Qc3 Qc4 30. g3 c5 31. Qd2 0-1

[Event "European Rapid 2015"]
[Site "Minsk BLR"]
[Date "2015.12.20"]
[Round "9.21"]
[White "Podolchenko, Evgeniy"]
[Black "Azarov, Sergei"]
[Result "0-1"]
[WhiteTitle "GM"]
[BlackTitle "GM"]
[WhiteElo "2427"]
[BlackElo "2595"]
[WhiteFideId "13504134"]
[BlackFideId "13501470"]
[EventDate "2015.12.19"]

1. d4 d5 2. c4 dxc4 3. Nf3 Nf6 4. e3 b5 5. a4 b4 6. Bxc4 e6 7. O-O Bb7 8. Nbd2
Be7 9. Qe2 O-O 10. e4 c5 11. e5 Nfd7 12. Ne4 cxd4 13. Rd1 Nc6 14. Nxd4 Ncxe5 15.
Bb3 Bxe4 16. Qxe4 Nc5 17. Qe2 Nxb3 18. Nxb3 Qc7 19. Rd4 Ng6 20. Be3 Rac8 21. Rc1
Qb7 22. Rdc4 Qa6 23. a5 Ne5 24. R4c2 Qxe2 25. Rxe2 Rxc1+ 26. Bxc1 Bf6 27. Be3 a6
28. Nc5 Rd8 29. h3 Nc4 30. Nxa6 b3 31. Bb6 Rd1+ 32. Kh2 Bxb2 33. Nc5 Be5+ 34.
Rxe5 b2 0-1

[Event "European Rapid 2015"]
[Site "Minsk BLR"]
[Date "2015.12.20"]
[Round "9.22"]
[White "Landa, Konstantin"]
[Black "Sarana, Alexey"]
[Result "1-0"]
[WhiteTitle "GM"]
[WhiteElo "2625"]
[BlackElo "2432"]
[WhiteFideId "4101685"]
[BlackFideId "24133795"]
[EventDate "2015.12.19"]

1. d4 Nf6 2. Nf3 e6 3. c4 d5 4. g3 Bb4+ 5. Bd2 Be7 6. Bg2 O-O 7. O-O c6 8. Bf4
b6 9. Nc3 Nbd7 10. cxd5 cxd5 11. Nb5 Ne8 12. Rc1 Bb7 13. Qd3 Ba6 14. Qb3 g5 15.
Bd2 Bxb5 16. Qxb5 Nd6 17. Qd3 Ne4 18. Rc2 Rc8 19. Rfc1 Rxc2 20. Qxc2 Bd6 21. Be1
Qe7 22. Qa4 a5 23. Qc6 Bb4 24. Bxb4 axb4 25. Ne5 Nxe5 26. dxe5 Nd2 27. b3 Qa7
28. Qc2 Ne4 29. Bxe4 dxe4 30. Qxe4 Qxa2 31. Qe3 h6 32. h4 Rd8 33. hxg5 Qd2 34.
gxh6 Qxe3 35. fxe3 Rd5 36. Rc7 Rxe5 37. h7+ Kxh7 38. Rxf7+ Kg6 39. Rf3 Rc5 40.
Rf4 e5 41. Rxb4 b5 42. Kf2 Kg5 43. Kg2 Kf6 44. Kf2 Kg5 45. Ke1 Rc1+ 46. Kd2 Rg1
47. Rxb5 Kf5 48. e4+ Kxe4 49. Rb4+ Kd5 50. g4 Rg3 51. e3 e4 52. Rb5+ Kc6 53. Rg5
Rg1 54. b4 Rb1 55. b5+ Kd6 56. b6 Rb2+ 57. Kc3 Rb1 58. Rg7 1-0

[Event "European Rapid 2015"]
[Site "Minsk BLR"]
[Date "2015.12.20"]
[Round "9.23"]
[White "Chigaev, Maksim"]
[Black "Pustovoitova, Daria"]
[Result "1-0"]
[WhiteTitle "IM"]
[BlackTitle "FM"]
[WhiteElo "2526"]
[BlackElo "2356"]
[WhiteFideId "4108116"]
[BlackFideId "4182146"]
[EventDate "2015.12.19"]

1. e4 c6 2. b3 d5 3. exd5 cxd5 4. Bb2 Nc6 5. Nf3 Bg4 6. h3 Bh5 7. Bb5 e6 8. g4
Bg6 9. Ne5 Ne7 10. h4 h5 11. Nxg6 Nxg6 12. g5 Qc7 13. Qf3 O-O-O 14. Bxc6 bxc6
15. Nc3 Qe5+ 16. Kf1 Qc7 17. Ne2 e5 18. Rc1 Kb8 19. c4 dxc4 20. bxc4 Rxd2 21.
Bc3 Rd7 22. Kg2 Bc5 23. Qe4 Rf8 24. Rb1+ Ka8 25. Rb5 Qd6 26. Rd1 Nxh4+ 27. Qxh4
Qxd1 28. Qe4 Rd5 29. cxd5 cxb5 30. d6+ Kb8 31. Bxe5 Bxd6 32. Nd4 Bxe5 33. Qxe5+
Kc8 34. Qc5+ Kd7 35. Qxb5+ Kd6 36. Qc6+ Ke5 37. Nf3+ Kf4 38. Qc4+ Kf5 39. Qc5+
Kf4 40. Qe5+ Kg4 41. Qe4# 1-0

[Event "European Rapid 2015"]
[Site "Minsk BLR"]
[Date "2015.12.20"]
[Round "9.24"]
[White "Balashov, Yuri S"]
[Black "Belous, Vladimir"]
[Result "1-0"]
[WhiteTitle "GM"]
[BlackTitle "GM"]
[WhiteElo "2408"]
[BlackElo "2557"]
[WhiteFideId "4100263"]
[BlackFideId "4174003"]
[EventDate "2015.12.19"]

1. d4 Nf6 2. c4 g6 3. Nc3 Bg7 4. e4 d6 5. Nf3 O-O 6. Be2 Na6 7. O-O e5 8. Re1 c6
9. d5 Nc5 10. Bf1 a5 11. Nd2 Bh6 12. Nb3 Bxc1 13. Rxc1 Nxb3 14. Qxb3 c5 15. g3
h5 16. Na4 Ra6 17. Qe3 h4 18. Qg5 hxg3 19. hxg3 Kg7 20. Nc3 Rh8 21. Be2 Qd7 22.
Bf3 Qh3 23. Bg2 Qh2+ 24. Kf1 Bg4 25. Nd1 Raa8 26. Qe3 Rh5 27. Bf3 Rah8 28. Ke2
Qh3 29. Kd2 Bxf3 30. Qxf3 Rh4 31. Rc3 R4h7 32. Rb3 Qd7 33. Kc1 a4 34. Rb6 Rh2
35. Nc3 Ng4 36. Re2 Rh1+ 37. Kc2 Nf6 38. Nb5 Ne8 39. Rd2 R8h2 40. Rd1 Rxd1 41.
Kxd1 Qh3 42. Qe2 Qg2 43. Nc3 Rh1+ 44. Kc2 Qg1 45. Nd1 Nf6 46. Rxd6 Nxe4 47. Rd7
Nf6 48. Rxb7 e4 49. d6 Rh8 50. d7 Qh1 51. Ne3 Qa1 52. Qd1 Qxd1+ 53. Nxd1 Rd8 54.
Nc3 Nxd7 55. Nxe4 a3 56. bxa3 Ne5 57. Nxc5 Rc8 58. Ne6+ Kf6 59. Rc7 Ra8 60. Nf4
Rxa3 61. Nd5+ Ke6 62. Nc3 Ra8 63. a4 Ng4 64. f4 Ne3+ 65. Kb3 Nf5 66. Ne4 Rb8+
67. Kc3 Rb1 68. a5 Re1 69. a6 Ra1 70. a7 f6 71. Kb4 Nd4 72. Nc5+ 1-0

[Event "European Rapid 2015"]
[Site "Minsk BLR"]
[Date "2015.12.20"]
[Round "9.25"]
[White "Andriasian, Zaven"]
[Black "Rogule, Laura"]
[Result "1-0"]
[WhiteTitle "GM"]
[BlackTitle "WGM"]
[WhiteElo "2594"]
[BlackElo "2289"]
[WhiteFideId "13302000"]
[BlackFideId "11601876"]
[EventDate "2015.12.19"]

1. e4 c5 2. Nf3 Nc6 3. Bb5 g6 4. Bxc6 bxc6 5. O-O Bg7 6. c3 Nh6 7. d4 cxd4 8.
cxd4 O-O 9. Nc3 d5 10. Ne5 dxe4 11. Bxh6 Bxh6 12. Nxe4 Qd5 13. Nc3 Qd6 14. Re1
Bf5 15. Qf3 Rac8 16. h3 f6 17. Ng4 Bg7 18. Rad1 Rfd8 19. Qe2 Rc7 20. Qc4+ Kh8
21. Ne5 Be6 22. Nxg6+ hxg6 23. Rxe6 Qd7 24. Qe2 Kg8 25. d5 c5 26. Re1 Kf8 27.
Qg4 Kf7 28. d6 exd6 29. Nd5 Rb7 30. Nf4 g5 31. Qh5+ Kg8 32. Re8+ Rxe8 33. Rxe8+
Bf8 34. Ne6 1-0

[Event "European Rapid 2015"]
[Site "Minsk BLR"]
[Date "2015.12.20"]
[Round "9.26"]
[White "Triapishko, Olexandr"]
[Black "Rozum, Ivan"]
[Result "0-1"]
[BlackTitle "GM"]
[WhiteElo "2471"]
[BlackElo "2559"]
[WhiteFideId "14122286"]
[BlackFideId "24104272"]
[EventDate "2015.12.19"]

1. e4 c6 2. d4 d5 3. e5 c5 4. dxc5 Nc6 5. Bb5 e6 6. Be3 Ne7 7. c3 Bd7 8. Bxc6
Bxc6 9. Nf3 Nf5 10. Bd4 Qc7 11. Qe2 a5 12. O-O Be7 13. a4 O-O 14. Na3 Bxa4 15.
Nb5 Bxb5 16. Qxb5 Rfc8 17. b4 axb4 18. Qxb4 Rab8 19. g4 Nh6 20. h3 Bxc5 21. Qb5
Bxd4 22. cxd4 Qc3 23. Kg2 Qc4 24. Rab1 Qxb5 25. Rxb5 f6 26. Rb6 Kf7 27. Rfb1 Rc7
28. exf6 gxf6 29. Ne1 Ng8 30. Nd3 Ne7 31. Nc5 Nc6 32. Nb3 Ra8 33. Re1 Re7 34.
Rb5 Ra4 35. Nc5 Rxd4 36. Nxb7 Ne5 37. Rb6 Nd3 38. Nd6+ Kg6 39. Re3 Nf4+ 40. Kg3
Rd7 41. Rc6 h5 42. Nb5 Rb4 43. Nc7 h4+ 44. Kf3 d4 45. Nxe6 dxe3 46. Nf8+ Kg7 47.
Nxd7 e2 48. g5 e1=Q 49. gxf6+ Kh7 50. Nf8+ Kg8 51. f7+ Kxf7 0-1

[Event "European Rapid 2015"]
[Site "Minsk BLR"]
[Date "2015.12.20"]
[Round "9.27"]
[White "Harutjunyan, Gevorg"]
[Black "Shevchenko, Kirill"]
[Result "0-1"]
[WhiteTitle "GM"]
[BlackTitle "FM"]
[WhiteElo "2436"]
[BlackElo "2373"]
[WhiteFideId "13300873"]
[BlackFideId "14129574"]
[EventDate "2015.12.19"]

1. e4 c5 2. Nf3 d6 3. d4 cxd4 4. Nxd4 Nf6 5. Nc3 a6 6. Bg5 e6 7. Qe2 Nbd7 8. f4
Qc7 9. O-O-O b5 10. g4 b4 11. Nd5 exd5 12. exd5+ Be7 13. Nc6 Nb8 14. Bxf6 gxf6
15. Nxe7 Qxe7 16. Qd2 Qc7 17. Re1+ Kd8 18. Rg1 Nd7 19. Rg3 Qc5 20. Re4 Bb7 21.
Rxb4 Qxd5 22. Rd4 Qh1 23. Qa5+ Ke7 24. Rd1 Qxh2 25. Re3+ Kf8 26. Qb4 Nc5 27.
Rxd6 Rc8 28. Rd7 Qf2 29. Re1 Kg7 30. Rd4 Nb3+ 31. Qxb3 Qxe1+ 32. Rd1 Qe4 33. Kb1
Rhd8 34. Bd3 Qf3 35. Rg1 Be4 36. g5 Bxd3 37. gxf6+ Kh8 0-1

[Event "European Rapid 2015"]
[Site "Minsk BLR"]
[Date "2015.12.20"]
[Round "9.28"]
[White "Bortnyk, Mykola"]
[Black "Putka, Verners"]
[Result "0-1"]
[WhiteTitle "IM"]
[WhiteElo "2416"]
[BlackElo "2307"]
[WhiteFideId "14120836"]
[BlackFideId "11600659"]
[EventDate "2015.12.19"]

1. e4 e5 2. Nf3 Nf6 3. Nxe5 d6 4. Nf3 Nxe4 5. Qe2 Qe7 6. d3 Nf6 7. Nc3 Nc6 8.
Bg5 Be6 9. O-O-O O-O-O 10. Kb1 h6 11. Bxf6 Qxf6 12. d4 d5 13. Ne5 Nxe5 14. dxe5
Qf5 15. Nb5 Bc5 16. Nd4 Bxd4 17. Rxd4 c5 18. g4 Qg5 19. Ra4 Kb8 20. h4 Qe7 21.
f4 Bd7 22. Ra3 f6 23. Bg2 fxe5 24. fxe5 Rhe8 25. Re3 Qe6 26. g5 d4 27. Rb3 Bc6
28. Bxc6 Qxc6 29. Re1 hxg5 30. hxg5 Rd5 31. Qh2 Qc7 32. a4 Rdxe5 33. Rxe5 Qxe5
34. Qg2 Re7 35. g6 a6 36. Rf3 Ka7 37. Rf7 Rxf7 38. gxf7 Qe1+ 39. Ka2 Qe6+ 40. b3
Qxf7 41. Qg5 Qc7 42. Qd5 Qc6 43. Qe5 g6 44. Kb2 Kb6 45. Qe7 Ka7 46. Qe5 Qb6 47.
Ka2 Qb4 48. Qf6 d3 49. cxd3 Qd2+ 50. Ka3 Qxd3 51. a5 Qd4 52. Qb6+ Ka8 53. Ka2 g5
54. Qg6 g4 55. Qg8+ Ka7 56. Qg6 Qb4 57. Kb2 c4 58. Qe6 Qxb3+ 59. Ka1 Qd1+ 60.
Ka2 Qd2+ 61. Kb1 c3 62. Qb6+ Ka8 0-1

[Event "European Rapid 2015"]
[Site "Minsk BLR"]
[Date "2015.12.20"]
[Round "9.29"]
[White "Grib, Roman"]
[Black "Belyakov, Bogdan"]
[Result "0-1"]
[WhiteTitle "FM"]
[BlackTitle "IM"]
[WhiteElo "2408"]
[BlackElo "2511"]
[WhiteFideId "13506706"]
[BlackFideId "24104795"]
[EventDate "2015.12.19"]

1. e4 e5 2. Nf3 Nc6 3. Bb5 Nf6 4. d3 Bc5 5. O-O d6 6. c3 O-O 7. Re1 Ng4 8. Re2
f5 9. Nbd2 Kh8 10. h3 Nf6 11. b4 Bb6 12. Nc4 fxe4 13. dxe4 Nh5 14. Nxb6 axb6 15.
Nh2 Ne7 16. Re1 Nf4 17. Bxf4 Rxf4 18. Nf1 Ng6 19. Re3 Be6 20. a4 Qf6 21. Qe1 Rf8
22. f3 Qg5 23. Qg3 Qe7 24. a5 bxa5 25. Rxa5 R4f6 26. Kh2 Nf4 27. Qh4 Nxg2 0-1

[Event "European Rapid 2015"]
[Site "Minsk BLR"]
[Date "2015.12.20"]
[Round "9.30"]
[White "Savenkov, Konstantin"]
[Black "Loginov, Valery A"]
[Result "1/2-1/2"]
[WhiteTitle "FM"]
[BlackTitle "GM"]
[WhiteElo "2325"]
[BlackElo "2486"]
[WhiteFideId "4138600"]
[BlackFideId "4126297"]
[EventDate "2015.12.19"]

1. e4 c5 2. Nf3 d6 3. Bb5+ Bd7 4. Bxd7+ Qxd7 5. c4 Nc6 6. d4 cxd4 7. Nxd4 g6 8.
O-O Bg7 9. Be3 Nf6 10. f3 O-O 11. Nc3 Rfc8 12. b3 a6 13. Nde2 Qd8 14. Rc1 b5 15.
cxb5 axb5 16. Qd3 Nb4 17. Qd2 Qa5 18. a4 bxa4 19. Nxa4 Nd7 20. Rxc8+ Rxc8 21.
Rc1 Rxc1+ 22. Qxc1 Nd3 23. Qd2 Qxd2 24. Bxd2 Kf8 25. Kf1 Ke8 26. Nec3 N7c5 27.
Nxc5 Nxc5 28. b4 Nb3 29. Ke2 Kd7 30. Kd3 Nxd2 31. Kxd2 e6 32. Kd3 Kc6 33. Kc4 f5
34. b5+ Kc7 35. Na4 Bh6 36. Nb2 Be3 37. g4 fxg4 38. fxg4 h5 39. gxh5 gxh5 40.
Nd1 Bf4 41. h3 Kb6 42. Nc3 Be5 43. Ne2 Ka5 44. Nc1 Bg3 45. Nb3+ Kb6 46. Nd4 d5+
47. exd5 exd5+ 48. Kxd5 Bf2 49. Kc4 Bxd4 1/2-1/2

[Event "European Rapid 2015"]
[Site "Minsk BLR"]
[Date "2015.12.20"]
[Round "9.31"]
[White "Teterev, Vitaly"]
[Black "Kochetkova, Julia"]
[Result "1/2-1/2"]
[WhiteTitle "GM"]
[BlackTitle "WGM"]
[WhiteElo "2494"]
[BlackElo "2320"]
[WhiteFideId "13501429"]
[BlackFideId "4139690"]
[EventDate "2015.12.19"]

1. Nf3 d5 2. g3 c6 3. Bg2 Nf6 4. O-O Bg4 5. c4 e6 6. d4 Nbd7 7. Qb3 Qb6 8. Nc3
Be7 9. c5 Qa6 10. Re1 b6 11. cxb6 axb6 12. e4 O-O 13. Bf4 dxe4 14. Nxe4 Nd5 15.
Bd6 Bxd6 16. Nxd6 c5 17. Ne5 Nxe5 18. dxe5 Rad8 19. h3 Bh5 20. Bxd5 exd5 21.
Qxd5 Qa7 22. a4 Qc7 23. Re3 Bg6 24. Rc3 Bf5 25. Kh2 Be6 26. Qe4 f6 27. Rf3 fxe5
28. Nb5 Qd7 29. Re1 Rxf3 30. Qxf3 Rf8 31. Qe2 Bxh3 32. Nc3 Bg4 33. Qxe5 Rxf2+
34. Kg1 Rxb2 35. Nd5 Re2 36. Ne7+ Kf7 37. Rxe2 Bxe2 38. Nf5 Kf8 39. Qb8+ Kf7 40.
Qe5 Kf8 41. Qb8+ Kf7 42. Qe5 Kf8 1/2-1/2

[Event "European Rapid 2015"]
[Site "Minsk BLR"]
[Date "2015.12.20"]
[Round "9.32"]
[White "Grishchenko, Sergey1"]
[Black "Fomin, Taras"]
[Result "1-0"]
[WhiteTitle "IM"]
[WhiteElo "2442"]
[BlackElo "2312"]
[WhiteFideId "4136730"]
[BlackFideId "4120604"]
[EventDate "2015.12.19"]

1. d4 d5 2. c4 dxc4 3. Nf3 c5 4. e3 cxd4 5. Bxc4 Nf6 6. O-O a6 7. Ne5 e6 8. exd4
Nc6 9. Nxc6 bxc6 10. Qa4 Bd7 11. Qc2 c5 12. Be3 cxd4 13. Bxd4 Be7 14. Nc3 O-O
15. Qe2 Bc6 16. Rfd1 Qc8 17. b3 Qb7 18. f3 Rfd8 19. Kh1 a5 20. Rab1 Rd7 21. Na4
Bxa4 22. bxa4 Qc7 23. Bb5 Rdd8 24. Rbc1 Qf4 25. Be5 Rxd1+ 26. Rxd1 Qb4 27. Qc2
Nd5 28. Rb1 Qc5 29. Qxc5 Bxc5 30. h3 f6 31. Bg3 Bb4 32. Rc1 Nc3 33. Bc4 Rc8 34.
Bxe6+ 1-0

[Event "European Rapid 2015"]
[Site "Minsk BLR"]
[Date "2015.12.20"]
[Round "9.33"]
[White "Pavlidou, Ekaterini"]
[Black "Matinian, Nikita"]
[Result "0-1"]
[WhiteTitle "WIM"]
[BlackTitle "IM"]
[WhiteElo "2223"]
[BlackElo "2470"]
[WhiteFideId "4213262"]
[BlackFideId "24129100"]
[EventDate "2015.12.19"]

1. d4 d6 2. Nf3 g6 3. c4 Bg7 4. Nc3 Nc6 5. e4 e5 6. d5 Nce7 7. Bd3 f5 8. Qe2 Nf6
9. Bd2 O-O 10. h3 c5 11. dxc6 bxc6 12. Rd1 d5 13. cxd5 cxd5 14. Nxe5 fxe4 15.
Bc2 Be6 16. Be3 Qb8 17. Bc5 Qxe5 18. Bxe7 Rfc8 19. Bb3 Rab8 20. Bxf6 Bxf6 21.
Bxd5 Bxd5 22. Rxd5 Qxd5 23. Nxd5 Rc1+ 24. Qd1 Rxd1+ 25. Kxd1 Rd8 26. Kc2 Rxd5
27. Re1 Rc5+ 28. Kb1 Rf5 29. Re2 Bd4 30. Rxe4 Bxf2 31. a4 h5 32. b4 h4 33. Kc2
Kg7 34. Kd3 Kf6 35. Ke2 Bg3 36. Rc4 Rf2+ 37. Ke3 Rxg2 38. Kf3 Rg1 39. Rc6+ Kf5
40. Rc5+ Be5 41. Ra5 Rg3+ 42. Kf2 Rxh3 43. Kg2 Rg3+ 44. Kh1 h3 45. Rxa7 Ra3 46.
Rf7+ Kg4 47. Rf1 Rxa4 48. Rg1+ Kf5 0-1

[Event "European Rapid 2015"]
[Site "Minsk BLR"]
[Date "2015.12.20"]
[Round "9.34"]
[White "Stupak, Kirill"]
[Black "Trifonov, Denis"]
[Result "1-0"]
[WhiteTitle "GM"]
[BlackTitle "FM"]
[WhiteElo "2542"]
[BlackElo "2198"]
[WhiteFideId "13503758"]
[BlackFideId "13501313"]
[EventDate "2015.12.19"]

1. d4 d6 2. g3 c6 3. Bg2 g6 4. e4 Bg7 5. Nc3 Nf6 6. Nge2 Nbd7 7. O-O Qc7 8. a4
e5 9. h3 O-O 10. Be3 Nb6 11. b3 a5 12. f4 Re8 13. g4 exd4 14. Bxd4 c5 15. Bf2
Bd7 16. Qd2 Bc6 17. Ng3 d5 18. e5 Ne4 19. Ncxe4 dxe4 20. Bxc5 e3 21. Bxe3 Bxg2
22. Qxg2 f6 23. Rad1 fxe5 24. f5 Red8 25. c4 e4 26. Nxe4 Rxd1 27. Rxd1 Re8 28.
f6 Bf8 29. f7+ Qxf7 30. Bxb6 Qe6 31. Bxa5 Qxe4 32. Qxe4 Rxe4 33. Rd8 Kf7 34.
Rd7+ Ke6 35. Rxb7 Bc5+ 36. Kf1 h5 37. gxh5 gxh5 38. Bb6 Rf4+ 39. Ke2 Rf2+ 40.
Ke1 Bxb6 41. Rxb6+ 1-0

[Event "European Rapid 2015"]
[Site "Minsk BLR"]
[Date "2015.12.20"]
[Round "9.35"]
[White "Bulanov, Dmitri"]
[Black "Sakaev, Konstantin"]
[Result "0-1"]
[WhiteTitle "FM"]
[BlackTitle "GM"]
[WhiteElo "2369"]
[BlackElo "2594"]
[WhiteFideId "13506382"]
[BlackFideId "4104226"]
[EventDate "2015.12.19"]

1. e4 c5 2. Nf3 d6 3. d4 cxd4 4. Nxd4 Nf6 5. Nc3 a6 6. Be3 e5 7. Nb3 Be6 8. Nd5
Nbd7 9. Qd3 Bxd5 10. exd5 g6 11. Be2 Bg7 12. O-O O-O 13. c4 b6 14. Rac1 Re8 15.
Rfd1 a5 16. h3 Nc5 17. Nxc5 bxc5 18. Rb1 Nd7 19. Qc2 Qc7 20. Re1 e4 21. b3 Bd4
22. Qd2 Bxe3 23. Qxe3 Rab8 24. Qc3 Ne5 25. a3 Qb6 26. Bd1 f5 27. Bc2 Re7 28. Kh2
Qd8 29. Kg1 Ra7 30. Kh2 Qf6 31. Kh1 Kg7 32. Red1 h5 33. Re1 g5 34. Red1 g4 35.
Re1 Rbb7 36. Red1 Ng6 37. Qe3 Ne5 38. Re1 Ra8 39. Qc3 Qh4 40. Qe3 gxh3 41. g3
Qf6 42. Bd1 Nxc4 43. Qf4 Ne5 44. Be2 Rab8 45. Qe3 c4 46. b4 axb4 47. Rxb4 Rxb4
48. axb4 Rxb4 49. Bxh5 Rb7 50. Rg1 Qh6 51. Qe2 c3 52. g4 Nf3 53. Ra1 Qf4 0-1

[Event "European Rapid 2015"]
[Site "Minsk BLR"]
[Date "2015.12.20"]
[Round "9.36"]
[White "Goganov, Aleksey"]
[Black "Popov, Mikhail"]
[Result "1-0"]
[WhiteTitle "GM"]
[BlackTitle "FM"]
[WhiteElo "2597"]
[BlackElo "2280"]
[WhiteFideId "24109959"]
[BlackFideId "4146182"]
[EventDate "2015.12.19"]

1. c4 Nf6 2. g3 g6 3. Bg2 Bg7 4. Nc3 O-O 5. e4 d6 6. Nge2 c5 7. O-O Nc6 8. d3 a6
9. h3 Rb8 10. f4 Nd4 11. a4 Ne8 12. Kh2 b6 13. Rb1 Nc7 14. b4 cxb4 15. Rxb4 f5
16. Be3 e5 17. Qb1 Nce6 18. Bxd4 exd4 19. Nd5 Nc5 20. Nc1 Be6 21. exf5 Bxf5 22.
Re1 a5 23. Rxb6 Nxa4 24. Rxb8 Qxb8 25. Ne7+ Kh8 26. Qxb8 Rxb8 27. Nc6 Rf8 28.
Nxa5 Nc5 29. Bf1 h5 30. Nc6 Rc8 31. Ne7 Re8 32. g4 hxg4 33. hxg4 Bf6 34. gxf5
Rxe7 35. Rxe7 Bxe7 36. fxg6 Kg7 37. Ne2 Nxd3 38. Nxd4 Nxf4 39. Nf5+ Kxg6 40.
Nxe7+ Kf7 41. Nd5 Ng6 42. Kg3 Ke8 43. Kf3 Kd7 44. Ke4 Kc6 45. Kd4 Ne5 46. Be2
Nd7 47. Bh5 Nc5 48. Be8+ Kb7 49. Bb5 Kc8 50. Nf6 Kc7 51. Kd5 Nd3 52. Ne8+ Kb6
53. Kxd6 Nf2 54. Nf6 Nd3 55. Bd7 Nb2 56. c5+ Ka7 57. Bb5 Nd1 58. c6 Nc3 59. Bd3 1-0

[Event "European Rapid 2015"]
[Site "Minsk BLR"]
[Date "2015.12.20"]
[Round "9.37"]
[White "Tyutyunnikov, Alexey"]
[Black "Kryakvin, Dmitry"]
[Result "0-1"]
[BlackTitle "GM"]
[WhiteElo "2295"]
[BlackElo "2529"]
[WhiteFideId "4137060"]
[BlackFideId "4153278"]
[EventDate "2015.12.19"]

1. e4 c5 2. Nf3 Nc6 3. d4 cxd4 4. Nxd4 Nf6 5. Nc3 d6 6. Bc4 e6 7. O-O Be7 8. Be3
O-O 9. f4 d5 10. exd5 exd5 11. Be2 Re8 12. Kh1 Bb4 13. Nxc6 bxc6 14. Bd4 Bf5 15.
a3 Ba5 16. Na4 Ne4 17. c3 Qh4 18. Qe1 Qh6 19. Kg1 Bc7 20. g3 Re7 21. Qd1 Rae8
22. Bf3 Bd6 23. b4 Bh3 24. Re1 Qg6 25. Bh5 Qf5 26. Bf3 g6 27. Nb2 g5 28. Nd3
gxf4 29. g4 Qg6 30. Kh1 Qh6 31. Qc2 Ng5 32. Rxe7 Rxe7 33. Qf2 Qg6 34. Ne1 Ne4
35. Qh4 Ng5 36. Qf2 Qe6 37. Qh4 h6 0-1

[Event "European Rapid 2015"]
[Site "Minsk BLR"]
[Date "2015.12.20"]
[Round "9.38"]
[White "Pavlov, Sergey2"]
[Black "Gritsenko, Nikolai"]
[Result "1-0"]
[WhiteTitle "IM"]
[BlackTitle "FM"]
[WhiteElo "2454"]
[BlackElo "2309"]
[WhiteFideId "14114330"]
[BlackFideId "14112493"]
[EventDate "2015.12.19"]

1. c4 c5 2. Nf3 b6 3. g3 Bb7 4. Bg2 Nf6 5. Nc3 e6 6. O-O Be7 7. Re1 d6 8. e4 a6
9. d4 cxd4 10. Nxd4 Qc7 11. Be3 O-O 12. Rc1 Re8 13. f4 Nbd7 14. g4 Nc5 15. Bf2
g6 16. b4 Rad8 17. e5 dxe5 18. fxe5 Nxg4 19. Qxg4 Nd3 20. Bxb7 Qxb7 21. Ne4 Nxe1
22. Rxe1 Bxb4 23. Nf6+ Kg7 24. Nxe8+ Rxe8 25. Rd1 Rc8 26. Nf3 Be7 27. Qf4 h6 28.
h4 Qc6 29. Rd4 b5 30. Be3 Kg8 31. cxb5 axb5 32. Kg2 Bf8 33. Rd2 b4 34. Rf2 Qd5
35. Rd2 Qb7 36. Kg3 Qb5 37. Nd4 Qb7 38. Rc2 Rxc2 39. Nxc2 b3 40. axb3 Qxb3 41.
Nd4 Qd3 42. Nf3 Qd8 43. Qc4 Bg7 44. Qc5 Qa8 45. Qc1 Qf8 46. Qd2 Kh7 47. Qd7 Kg8
48. Bf4 Qb8 49. Qd2 Kh7 50. Qe3 Qc7 51. Qe4 Kg8 52. Kg4 Qb8 53. Qe3 Kh7 54. Nd2
Qb2 55. Kh3 g5 56. hxg5 hxg5 57. Bg3 f5 58. exf6 Qxf6 59. Ne4 Qf5+ 60. Kg2 Kg6
61. Nd6 Qd5+ 62. Kh2 Bf8 63. Ne4 Qf5 64. Qd4 Bg7 65. Qd3 Be5 66. Qe3 Bf4 67. Qd4
e5 68. Qd6+ Kg7 69. Qc6 Qg6 70. Qc4 Qf5 71. Kg2 Qd7 72. Bf2 Kg6 73. Qc2 Qf5 74.
Qc6+ Kh5 75. Nf6+ Kg6 76. Ne8+ Kh7 77. Qc7+ Kh6 78. Qg7+ 1-0

[Event "European Rapid 2015"]
[Site "Minsk BLR"]
[Date "2015.12.20"]
[Round "9.40"]
[White "Lobanov, Sergei"]
[Black "Dydyshko, Viacheslav"]
[Result "1/2-1/2"]
[BlackTitle "GM"]
[WhiteElo "2457"]
[BlackElo "2506"]
[WhiteFideId "24183750"]
[BlackFideId "13500031"]
[EventDate "2015.12.19"]

1. e4 c5 2. Nf3 d6 3. d4 cxd4 4. Nxd4 Nf6 5. Nc3 a6 6. Be2 e6 7. O-O Be7 8. f4
O-O 9. a4 Qc7 10. Qe1 Nc6 11. Be3 e5 12. Nf5 Bxf5 13. exf5 d5 14. fxe5 Nxe5 15.
Kh1 Rad8 16. Rd1 Nc6 17. Bf4 Qb6 18. Qg3 Kh8 19. Bc7 Qxb2 20. Rb1 Qxc2 21. Bxd8
Rxd8 22. Rfc1 Qxf5 23. Rxb7 d4 24. Bd3 Qh5 25. Ne4 Nxe4 26. Bxe4 Bd6 27. Qh3
Qxh3 28. gxh3 Ne5 29. Ra7 g6 30. Rxa6 Kg7 31. Ra8 Rd7 32. a5 d3 33. a6 d2 34.
Rd1 Bc5 35. Bb7 Nd3 36. Rxd2 Nf2+ 37. Rxf2 Bxf2 38. Kg2 Bb6 39. Bc6 Rd2+ 40. Kg3
h5 41. Re8 Rd6 42. Bb7 Rd3+ 43. Kg2 Kf6 44. Re4 Rd2+ 45. Kg3 g5 46. Rb4 Bf2+ 47.
Kf3 Ba7 48. Bc8 Rc2 49. Bd7 Rc3+ 50. Kg2 Ra3 51. Bc8 h4 52. Rb7 Be3 53. Rb5 Ra2+
54. Kf3 Bg1 55. Rb7 Bxh2 56. Bd7 Rxa6 57. Be8 Bf4 58. Rxf7+ Ke6 59. Rb7 Ra3+ 60.
Kg2 Kd6 61. Bd7 Kc5 62. Rb2 Kd4 63. Bg4 Rg3+ 64. Kf1 Be3 65. Rg2 1/2-1/2

[Event "European Rapid 2015"]
[Site "Minsk BLR"]
[Date "2015.12.20"]
[Round "9.41"]
[White "Johannessen, Leif Erlend"]
[Black "Filipets, Egor"]
[Result "1-0"]
[WhiteTitle "GM"]
[WhiteElo "2487"]
[BlackElo "2247"]
[WhiteFideId "1501674"]
[BlackFideId "13503928"]
[EventDate "2015.12.19"]

1. d4 g6 2. c4 Bg7 3. e4 d6 4. Nc3 Nc6 5. Be3 e5 6. d5 Nd4 7. Nge2 Nxe2 8. Bxe2
f5 9. exf5 Bxf5 10. g4 Bd7 11. h4 c5 12. h5 Qe7 13. h6 Bf8 14. Ne4 Qf7 15. Bg5
Be7 16. Rh3 O-O-O 17. Rf3 Qe8 18. Bxe7 Qxe7 19. Rf7 Qh4 20. Nxd6+ Kc7 21. Qb3
Qh1+ 22. Kd2 Qxh6+ 23. Kc2 b6 24. Qa4 Kxd6 25. Qxa7 Ne7 26. Rf6+ 1-0